[Event "Mittelfranken Mitte-ch"]
[Site "Nuremberg"]
[Date "2020.01.04"]
[Round "3.5"]
[White "Mantel, Hubert"]
[Black "Vogiatzis, Dimitrios"]
[Result "0-1"]
[WhiteElo "1731"]
[BlackElo "2085"]
[PlyCount "84"]
[EventDate "2020.01.03"]
[EventType "swiss"]
[EventRounds "7"]
[EventCountry "GER"]
[SourceTitle "EXT 2023"]
[Source "ChessBase"]
[SourceDate "2022.10.05"]
[SourceVersion "1"]
[SourceVersionDate "2022.10.05"]
[SourceQuality "1"]

1. e4 e5 2. Bc4 Nf6 3. Nc3 Bc5 4. Nf3 d6 5. d4 exd4 6. Nxd4 0-0 7. Bg5 Nc6 8. Nxc6 bxc6 9. Qe2 Qe7 10. 0-0-0 h6 11. Bxf6 Qxf6 12. f3 a5 13. Rd3 a4 14. a3 Re8 15. g4 d5 16. Ba2 Ba6 17. Qd2 Bxd3 18. cxd3 d4 19. Ne2 Qxf3 20. Ng3 Qe3 21. Rf1 Qxd2+ 22. Kxd2 Rf8 23. h4 g6 24. h5 Kg7 25. e5 Be7 26. Ne4 f5 27. exf6+ Bxf6 28. Rc1 Rab8 29. Rc2 gxh5 30. gxh5 Bg5+ 31. Ke2 Be3 32. Be6 Rb5 33. Ke1 Rxh5 34. Rxc6 Rh1+ 35. Ke2 Rh2+ 36. Ke1 Bf4 37. b4 axb3 38. Bxb3 Rb8 39. Nc5 Bg3+ 40. Kf1 Rb2 41. Ne6+ Kh7 42. Bc4 Rf2+ 0-1

[Event "Mittelfranken Mitte-ch"]
[Site "Nuremberg"]
[Date "2017.01.08"]
[Round "7"]
[White "Mantel, Hubert"]
[Black "Muenzenberg, Dietrich"]
[Result "1-0"]
[WhiteElo "1761"]
[BlackElo "1688"]
[PlyCount "61"]
[EventDate "2017.01.05"]
[EventType "swiss"]
[EventRounds "7"]
[EventCountry "GER"]
[SourceTitle "EXT 2018"]
[Source "ChessBase"]
[SourceDate "2017.10.13"]
[SourceVersion "1"]
[SourceVersionDate "2017.10.13"]
[SourceQuality "1"]

1. b4 e5 2. Bb2 Bxb4 3. Bxe5 Nf6 4. Nf3 Nc6 5. e3 d6 6. Bb2 0-0 7. a3 Ba5 8. Bc4 Bg4 9. 0-0 a6 10. d4 b5 11. Be2 Re8 12. Nbd2 Bb6 13. h3 Bh5 14. c4 bxc4 15. Nxc4 Rb8 16. Qa4 Qd7 17. Qxa6 Ra8 18. Qb5 Nxd4 19. Nxd4 Qxb5 20. Nxb5 Bxe2 21. Rfc1 Bxc4 22. Rxc4 Re7 23. Bxf6 gxf6 24. a4 Bc5 25. Rd1 Ra6 26. Nc3 Re6 27. Nd5 Ra7 28. Nf4 Re7 29. Nh5 f5 30. Rxc5 Rxa4 31. Rxd6 1-0

[Event "Forchheim op-B 15th"]
[Site "Forchheim"]
[Date "2016.10.03"]
[Round "5"]
[White "Knauer, Olaf"]
[Black "Mantel, Hubert"]
[Result "1/2-1/2"]
[WhiteElo "1834"]
[BlackElo "1787"]
[PlyCount "92"]
[EventDate "2016.10.01"]
[EventType "swiss"]
[EventRounds "5"]
[EventCountry "GER"]
[SourceTitle "EXT 2019"]
[Source "ChessBase"]
[SourceDate "2018.10.10"]
[SourceVersion "1"]
[SourceVersionDate "2018.10.10"]
[SourceQuality "1"]

1. d4 e6 2. Nf3 d5 3. c4 f5 4. g3 Nf6 5. Bg2 c6 6. c5 Be7 7. 0-0 0-0 8. b4 Ne4 9. Ne5 Nd7 10. Nxd7 Bxd7 11. f3 Ng5 12. Nc3 Bf6 13. e4 fxe4 14. fxe4 Nxe4 15. Nxe4 dxe4 16. Bxe4 Be8 17. Bb2 Qd7 18. Qd3 Bg6 19. Bxg6 hxg6 20. Rad1 Qd5 21. a3 Rad8 22. Rf4 g5 23. Re4 Rd7 24. Qe3 e5 25. Re1 exd4 26. Qd3 Qf5 27. Rf1 Qd5 28. Rd1 Rfd8 29. Rde1 Rf8 30. Re6 Kf7 31. Rxf6+ Kxf6 32. Rf1+ Ke7 33. Qe2+ Qe6 34. Qxe6+ Kxe6 35. Rxf8 d3 36. Rf1 Kd5 37. Rd1 Kc4 38. Rd2 g4 39. Kf2 Re7 40. Kf1 g6 41. Rf2 Kb3 42. Bc1 Kc3 43. Rd2 b6 44. cxb6 axb6 45. Rf2 Re6 46. Bb2+ Kb3 1/2-1/2

[Event "Forchheim op-B 15th"]
[Site "Forchheim"]
[Date "2016.10.02"]
[Round "3"]
[White "Brenzinger, Thomas"]
[Black "Mantel, Hubert"]
[Result "0-1"]
[WhiteElo "1781"]
[BlackElo "1787"]
[PlyCount "48"]
[EventDate "2016.10.01"]
[EventType "swiss"]
[EventRounds "5"]
[EventCountry "GER"]
[SourceTitle "EXT 2019"]
[Source "ChessBase"]
[SourceDate "2018.10.10"]
[SourceVersion "1"]
[SourceVersionDate "2018.10.10"]
[SourceQuality "1"]

1. e4 e6 2. d3 d5 3. Nd2 g6 4. g3 Bg7 5. Bg2 Ne7 6. Ngf3 Nd7 7. 0-0 0-0 8. c3 Rb8 9. Qe2 e5 10. b4 b6 11. a4 Bb7 12. Ba3 Re8 13. Rac1 c5 14. Rfd1 Bh6 15. Nh4 Qc7 16. f4 exf4 17. g4 dxe4 18. Bxe4 Bxe4 19. dxe4 Nd5 20. Ng2 Ne3 21. Re1 Nf6 22. Nxe3 fxe3 23. Nc4 Rxe4 24. h3 Qg3+ 0-1

[Event "Nuremberg Zabo op 18th"]
[Site "Nuremberg"]
[Date "2016.09.17"]
[Round "2"]
[White "Mantel, Hubert"]
[Black "Hoferer, Andreas"]
[Result "1-0"]
[WhiteElo "1624"]
[BlackElo "1292"]
[PlyCount "79"]
[EventDate "2016.09.16"]
[EventType "swiss"]
[EventRounds "5"]
[EventCountry "GER"]
[SourceTitle "EXT 2018"]
[Source "ChessBase"]
[SourceDate "2017.10.13"]
[SourceVersion "1"]
[SourceVersionDate "2017.10.13"]
[SourceQuality "1"]

1. e4 e5 2. Bc4 Nf6 3. Nc3 Bc5 4. d3 0-0 5. Be3 Bxe3 6. fxe3 d6 7. Nf3 Nc6 8. a3 a6 9. 0-0 Ne7 10. Qe1 h6 11. Qg3 Kh8 12. Nd5 Nexd5 13. Bxd5 Nxd5 14. exd5 g5 15. e4 f5 16. exf5 Rxf5 17. Nd2 Qg8 18. c4 Bd7 19. Rxf5 Bxf5 20. Qf3 Rf8 21. Rf1 Kg7 22. Ne4 Qf7 23. Ng3 Bg6 24. Qg4 Qe8 25. Nf5+ Bxf5 26. Rxf5 Rxf5 27. Qxf5 Qg6 28. Qd7+ Qf7 29. Qxf7+ Kxf7 30. g4 b5 31. Kf2 bxc4 32. dxc4 Ke7 33. b4 Kd7 34. Ke3 c6 35. Ke4 Kc7 36. c5 Kd7 37. a4 Kc7 38. cxd6+ Kxd6 39. dxc6 Kxc6 40. Kxe5 1-0

[Event "Mittelfranken Mitte-ch"]
[Site "Zirndorf"]
[Date "2016.01.06"]
[Round "6"]
[White "Hestermann, Hans Ludwig"]
[Black "Mantel, Hubert"]
[Result "0-1"]
[WhiteElo "1714"]
[BlackElo "1636"]
[PlyCount "66"]
[EventDate "2016.01.03"]
[EventType "swiss"]
[EventRounds "7"]
[EventCountry "GER"]
[SourceTitle "EXT 2018"]
[Source "ChessBase"]
[SourceDate "2017.10.13"]
[SourceVersion "1"]
[SourceVersionDate "2017.10.13"]
[SourceQuality "1"]

1. d4 d5 2. c4 e6 3. Nc3 f5 4. cxd5 exd5 5. Nf3 Nf6 6. Bg5 c6 7. a3 Bd6 8. e3 0-0 9. Bd3 Qe8 10. Ne2 Ne4 11. Bf4 Be7 12. h4 Nd7 13. Ng3 Nxg3 14. Bxg3 Nf6 15. Qc2 Ne4 16. Bf4 Qg6 17. Rh2 Bd6 18. Ne5 Qe6 19. 0-0-0 Nf6 20. f3 Nh5 21. g3 Bxe5 22. Bxe5 Nf6 23. Rg1 Nd7 24. Bf4 Nf6 25. Rhg2 Bd7 26. g4 fxg4 27. Bxh7+ Nxh7 28. Rxg4 Rf7 29. Qg2 Qe7 30. Bd6 Qxe3+ 31. Kb1 Bxg4 32. Qxg4 Qxf3 33. Qe6 Qf5+ 0-1

[Event "Forchheim op-B 14th"]
[Site "Forchheim"]
[Date "2015.10.03"]
[Round "2"]
[White "Mantel, Hubert"]
[Black "Gets, Alexej"]
[Result "1-0"]
[WhiteElo "1800"]
[BlackElo "1660"]
[PlyCount "59"]
[EventDate "2015.10.02"]
[EventType "swiss"]
[EventRounds "5"]
[EventCountry "GER"]
[SourceTitle "EXT 2019"]
[Source "ChessBase"]
[SourceDate "2018.10.10"]
[SourceVersion "1"]
[SourceVersionDate "2018.10.10"]
[SourceQuality "1"]

1. e4 c5 2. Nc3 e6 3. g3 Nc6 4. Bg2 g6 5. d3 Bg7 6. Be3 Nge7 7. Qd2 h5 8. Bxc5 d6 9. Be3 Bd7 10. Nf3 a6 11. 0-0 Qc7 12. Rab1 0-0-0 13. Na4 Rdf8 14. Bb6 Qb8 15. d4 d5 16. e5 Nxe5 17. Nxe5 Bxa4 18. Qb4 Bxe5 19. dxe5 Bb5 20. Qxe7 Bxf1 21. Kxf1 Qxe5 22. f4 Qb8 23. c4 Re8 24. Qc5+ Kd7 25. cxd5 e5 26. f5 g5 27. f6 g4 28. Be4 Reg8 29. Bf5+ Ke8 30. Qe7# 1-0

[Event "Forchheim op-B 14th"]
[Site "Forchheim"]
[Date "2015.10.03"]
[Round "3"]
[White "Reinhard, Ralf Peter"]
[Black "Mantel, Hubert"]
[Result "1-0"]
[WhiteElo "1894"]
[BlackElo "1800"]
[PlyCount "89"]
[EventDate "2015.10.02"]
[EventType "swiss"]
[EventRounds "5"]
[EventCountry "GER"]
[SourceTitle "EXT 2019"]
[Source "ChessBase"]
[SourceDate "2018.10.10"]
[SourceVersion "1"]
[SourceVersionDate "2018.10.10"]
[SourceQuality "1"]

1. d4 e6 2. Nf3 d5 3. e3 f5 4. Bd3 Nf6 5. 0-0 Bd6 6. c4 c6 7. b3 0-0 8. Ba3 Bxa3 9. Nxa3 Ne4 10. Qc2 Nd7 11. Rac1 g5 12. Ne5 g4 13. f3 gxf3 14. gxf3 Nxe5 15. dxe5 Ng5 16. f4 Ne4 17. Bxe4 fxe4 18. Kh1 Kh8 19. Rg1 Bd7 20. Qg2 Qe7 21. Qg5 Qxg5 22. Rxg5 Be8 23. Rcg1 Bg6 24. h4 Rf5 25. Nc2 Rxg5 26. hxg5 dxc4 27. bxc4 Rd8 28. Nd4 Bf5 29. c5 Rd5 30. Rc1 Kg7 31. Kg2 Kg6 32. Kf2 Kf7 33. Ke2 Ke7 34. a4 Kd8 35. Nxf5 exf5 36. Rh1 Rd7 37. Rh6 Rf7 38. a5 Kc7 39. Rf6 Rxf6 40. exf6 Kd7 41. Kd2 a6 42. Kc3 Ke6 43. Kd4 h5 44. gxh6 Kxf6 45. h7 1-0

[Event "Mittelfranken Mitte-ch"]
[Site "Zirndorf"]
[Date "2015.01.02"]
[Round "1"]
[White "Mantel, Hubert"]
[Black "Luther, Helmut"]
[Result "0-1"]
[WhiteElo "1669"]
[BlackElo "1949"]
[PlyCount "74"]
[EventDate "2015.01.02"]
[EventType "swiss"]
[EventRounds "7"]
[EventCountry "GE2"]
[SourceTitle "EXT 2018"]
[Source "ChessBase"]
[SourceDate "2017.10.13"]
[SourceVersion "1"]
[SourceVersionDate "2017.10.13"]
[SourceQuality "1"]

1. e4 d5 2. exd5 Qxd5 3. Nc3 Qd6 4. g3 Nf6 5. Bg2 g6 6. d3 c6 7. Nge2 Bg7 8. h3 0-0 9. Be3 Nd5 10. Nxd5 cxd5 11. c3 e5 12. d4 e4 13. Qd2 Re8 14. Bh6 Bh8 15. h4 Nc6 16. h5 b5 17. a3 a5 18. hxg6 fxg6 19. Qf4 Rd8 20. Qh4 Ra7 21. Bg5 Rf8 22. Nf4 Rff7 23. Bh3 Bf5 24. Bxf5 Rxf5 25. Qh6 Rd7 26. Rh4 Rf8 27. Ke2 b4 28. Rah1 Bxd4 29. cxd4 Nxd4+ 30. Kf1 Nf5 31. Qxf8+ Kxf8 32. Rxh7 Rxh7 33. Rxh7 Kg8 34. Ra7 bxa3 35. bxa3 Qb6 36. Ra8+ Kh7 37. Nxd5 Qb5+ 0-1

[Event "Forchheim op-B 13th"]
[Site "Forchheim"]
[Date "2014.10.05"]
[Round "5"]
[White "Krenz, Sarah"]
[Black "Mantel, Hubert"]
[Result "1/2-1/2"]
[WhiteElo "1992"]
[BlackElo "1653"]
[PlyCount "35"]
[EventDate "2014.10.03"]
[EventType "swiss"]
[EventRounds "5"]
[EventCountry "GER"]
[SourceTitle "EXT 2019"]
[Source "ChessBase"]
[SourceDate "2018.10.10"]
[SourceVersion "1"]
[SourceVersionDate "2018.10.10"]
[SourceQuality "1"]

1. d4 e6 2. Nf3 d5 3. c4 c6 4. Qc2 f5 5. g3 Nf6 6. Bg2 Bd6 7. 0-0 0-0 8. e3 Ne4 9. Nbd2 Nd7 10. b3 Qe8 11. Bb2 Qh5 12. Ne5 Ndf6 13. Ndf3 g5 14. Nd3 Ng4 15. Bc1 Rf6 16. h3 Rh6 17. Nfe5 Ngf6 18. Qd1 1/2-1/2

[Event "Forchheim op-B 13th"]
[Site "Forchheim"]
[Date "2014.10.03"]
[Round "2"]
[White "Mantel, Hubert"]
[Black "Thuerauf, Peter"]
[Result "1/2-1/2"]
[WhiteElo "1653"]
[BlackElo "1854"]
[PlyCount "85"]
[EventDate "2014.10.03"]
[EventType "swiss"]
[EventRounds "5"]
[EventCountry "GER"]
[SourceTitle "EXT 2019"]
[Source "ChessBase"]
[SourceDate "2018.10.10"]
[SourceVersion "1"]
[SourceVersionDate "2018.10.10"]
[SourceQuality "1"]

1. e4 c5 2. Nc3 Nc6 3. g3 g6 4. Bg2 Bg7 5. d3 d6 6. Be3 e6 7. Qd2 Nge7 8. Nf3 0-0 9. Bh6 b5 10. Bxg7 Kxg7 11. Nxb5 Rb8 12. Qc3+ e5 13. Na3 f5 14. 0-0 f4 15. Nc4 Bg4 16. Ncd2 Nd4 17. Nxd4 cxd4 18. Qa3 Be2 19. Rfe1 f3 20. Nc4 Nc6 21. Nxd6 Qf6 22. Bh3 Kh8 23. Qc5 Nb4 24. Rec1 Qe7 25. a3 Na6 26. Qc6 Rf6 27. Nc8 Qg7 28. Qe8+ Rf8 29. Qe7 Rfxc8 30. Qxg7+ Kxg7 31. Bxc8 Rxc8 32. b4 Rc3 33. h4 g5 34. hxg5 Kg6 35. Kh2 Kxg5 36. b5 Nc5 37. a4 Nd7 38. a5 Nb8 39. a6 Nd7 40. Rab1 Nb6 41. Kh3 Rc7 42. Ra1 Rc5 43. Rab1 1/2-1/2

[Event "Nuremberg Zabo op 15th"]
[Site "Nuremberg"]
[Date "2013.09.21"]
[Round "3"]
[White "Mantel, Hubert"]
[Black "Suess, Stefan"]
[Result "0-1"]
[WhiteElo "1604"]
[BlackElo "1958"]
[PlyCount "58"]
[EventDate "2013.09.20"]
[EventType "swiss"]
[EventRounds "5"]
[EventCountry "GER"]
[SourceTitle "EXT 2016"]
[Source "ChessBase"]
[SourceDate "2015.10.08"]
[SourceVersion "1"]
[SourceVersionDate "2015.10.08"]
[SourceQuality "1"]

1. e4 e6 2. d4 d5 3. exd5 exd5 4. Nf3 Nf6 5. Be2 Be7 6. 0-0 0-0 7. c3 b6 8. Ne5 Bb7 9. f4 c5 10. Be3 Nbd7 11. Nd2 Bd6 12. Qe1 Qe7 13. g4 Kh8 14. h4 Rae8 15. Qg3 Bxe5 16. fxe5 Nxe5 17. g5 Ng6 18. gxf6 Qxe3+ 19. Qxe3 Rxe3 20. fxg7+ Kxg7 21. Kf2 Rfe8 22. Bb5 R8e7 23. Rg1 Kf8 24. Nf3 f6 25. Rg4 Bc8 26. Rg3 Nf4 27. Rh1 c4 28. Bc6 Re2+ 29. Kf1 Rxb2 0-1

[Event "Mittelfranken Mitte-ch 1213"]
[Site "Zirndorf"]
[Date "2013.01.05"]
[Round "4"]
[White "Mantel, Hubert"]
[Black "Gottlieb, Michael"]
[Result "1-0"]
[WhiteElo "1600"]
[BlackElo "1484"]
[PlyCount "45"]
[EventDate "2013.01.03"]
[EventType "swiss"]
[EventRounds "7"]
[EventCountry "GER"]
[SourceTitle "EXT 2015"]
[Source "ChessBase"]
[SourceDate "2014.11.20"]
[SourceVersion "1"]
[SourceVersionDate "2014.11.20"]
[SourceQuality "1"]

1. b4 e5 2. b5 Bc5 3. Bb2 d6 4. e3 Qe7 5. Nf3 c6 6. a4 cxb5 7. axb5 Nf6 8. Be2 0-0 9. 0-0 Bd7 10. d4 exd4 11. exd4 Bb6 12. Re1 Qd8 13. c4 Re8 14. Qc2 Qc7 15. Nbd2 Bxb5 16. Bd3 Bd7 17. Ne4 Nxe4 18. Bxe4 h6 19. d5 Ba5 20. Re2 Bg4 21. Bh7+ Kf8 22. Bxg7+ Kxg7 23. Rxe8 1-0

[Event "Mittelfranken Mitte-ch 1213"]
[Site "Zirndorf"]
[Date "2013.01.04"]
[Round "3"]
[White "Berg, Winfried"]
[Black "Mantel, Hubert"]
[Result "1-0"]
[WhiteElo "1639"]
[BlackElo "1600"]
[PlyCount "83"]
[EventDate "2013.01.03"]
[EventType "swiss"]
[EventRounds "7"]
[EventCountry "GER"]
[SourceTitle "EXT 2015"]
[Source "ChessBase"]
[SourceDate "2014.11.20"]
[SourceVersion "1"]
[SourceVersionDate "2014.11.20"]
[SourceQuality "1"]

1. e4 e5 2. Nf3 Nc6 3. Bb5 a6 4. Ba4 Nf6 5. 0-0 d6 6. d4 b5 7. Bb3 Bg4 8. c3 exd4 9. cxd4 Bxf3 10. gxf3 Be7 11. Nc3 0-0 12. Nd5 Na5 13. Bc2 Nxd5 14. exd5 Nc4 15. Qd3 g6 16. f4 f5 17. Re1 Bf6 18. Bd2 Nxb2 19. Qg3 Bxd4 20. Re6 Nd3 21. Rxg6+ hxg6 22. Qxg6+ Bg7 23. Bxd3 Qf6 24. Qxf6 Bxf6 25. Rc1 Bd8 26. Rc6 Kg7 27. Kg2 Kg6 28. Rc1 Kf6 29. h4 Kg6 30. Kh3 Rh8 31. Rg1+ Kf7 32. Bxf5 Bxh4 33. Be6+ Ke7 34. Rg7+ Ke8 35. Kg4 Be7 36. f5 Ra7 37. Bg5 Bxg5 38. Kxg5 Kf8 39. f6 Ra8 40. Kg6 Re8 41. Rf7+ Kg8 42. Rh7+ 1-0

[Event "Nuremberg Zabo op 13th"]
[Site "Nuremberg"]
[Date "2011.09.18"]
[Round "4"]
[White "Berg, Winfried"]
[Black "Mantel, Hubert"]
[Result "0-1"]
[WhiteElo "1596"]
[BlackElo "1576"]
[PlyCount "54"]
[EventDate "2011.09.16"]
[EventType "swiss"]
[EventRounds "5"]
[EventCountry "GER"]
[SourceTitle "EXT 2013"]
[Source "ChessBase"]
[SourceDate "2012.11.22"]
[SourceVersion "1"]
[SourceVersionDate "2012.11.22"]
[SourceQuality "1"]

1. e4 e5 2. Bc4 Nf6 3. d3 Be7 4. Nf3 Nc6 5. 0-0 d6 6. Re1 0-0 7. Nbd2 Be6 8. c3 a6 9. a4 Na5 10. Bxe6 fxe6 11. b4 Nc6 12. Nb3 Qd7 13. Bg5 Nh5 14. Bxe7 Qxe7 15. d4 Qf7 16. d5 exd5 17. Qxd5 Nf4 18. Qxf7+ Rxf7 19. b5 Ne7 20. c4 Raf8 21. Re3 Rf6 22. Kf1 Rg6 23. g3 Nh5 24. Ke2 Rgf6 25. Rf1 c5 26. Kd2 Rxf3 27. Rxf3 Rxf3 0-1

[Event "Nuremberg Zabo op 13th"]
[Site "Nuremberg"]
[Date "2011.09.17"]
[Round "2"]
[White "Steindl, Horst"]
[Black "Mantel, Hubert"]
[Result "0-1"]
[WhiteElo "911"]
[BlackElo "1576"]
[PlyCount "58"]
[EventDate "2011.09.16"]
[EventType "swiss"]
[EventRounds "5"]
[EventCountry "GER"]
[SourceTitle "EXT 2013"]
[Source "ChessBase"]
[SourceDate "2012.11.22"]
[SourceVersion "1"]
[SourceVersionDate "2012.11.22"]
[SourceQuality "1"]

1. Nf3 b6 2. g3 Bb7 3. Bg2 Nf6 4. 0-0 e6 5. Re1 Be7 6. d4 0-0 7. Nbd2 d5 8. c3 c5 9. b3 Nc6 10. Ne5 cxd4 11. Nxc6 Bxc6 12. cxd4 Bb4 13. a3 Bc3 14. Ra2 Bxd4 15. Bb2 Bxb2 16. Rxb2 Qd6 17. a4 Rfd8 18. b4 a6 19. e3 Rac8 20. f4 b5 21. a5 d4 22. e4 d3 23. Kh1 Qd4 24. Rb1 Bb7 25. e5 Bxg2+ 26. Kxg2 Rc2 27. exf6 Qxf6 28. Rc1 Rdc8 29. Re5 Rxc1 0-1

[Event "Nuremberg Zabo op 12th"]
[Site "Nuremberg"]
[Date "2010.09.18"]
[Round "2"]
[White "Mantel, Hubert"]
[Black "Klein, Waldemar"]
[Result "1/2-1/2"]
[WhiteElo "1850"]
[BlackElo "1942"]
[PlyCount "86"]
[EventDate "2010.09.17"]
[EventType "swiss"]
[EventRounds "5"]
[EventCountry "GER"]
[SourceTitle "EXT 2011"]
[Source "ChessBase"]
[SourceDate "2010.11.26"]
[SourceVersion "1"]
[SourceVersionDate "2010.11.26"]
[SourceQuality "1"]

1. e4 d5 2. exd5 Qxd5 3. Nc3 Qa5 4. Nf3 Nf6 5. Bb5+ c6 6. Ba4 Bg4 7. 0-0 Qh5 8. d3 e6 9. Bf4 Bxf3 10. Qxf3 Qxf3 11. gxf3 Nbd7 12. Ne4 h6 13. Rfe1 0-0-0 14. Bb3 Nd5 15. Nd6+ Bxd6 16. Bxd6 Rhe8 17. c4 Nc7 18. a4 Nb6 19. c5 Nbd5 20. Bc4 Nb4 21. Rac1 a5 22. Red1 Ncd5 23. Bxd5 exd5 24. Kf1 Re6 25. d4 Rde8 26. b3 Rf6 27. Kg2 Rg6+ 28. Kf1 Ree6 29. Re1 Kd7 30. Rxe6 Rxe6 31. Rc3 Na6 32. Re3 Nc7 33. Bxc7 Kxc7 34. Rxe6 fxe6 35. f4 b6 36. Ke2 bxc5 37. dxc5 g5 38. Ke3 g4 39. Kd4 h5 40. Ke5 Kd7 41. f5 exf5 42. Kxf5 Ke7 43. Ke5 Kd7 1/2-1/2